00549nam a22001937a 450000500170000001000110001702000100002803500110003803700160004904000120006508200170007710000250009424500920011926000400021130000210025150000260027265000280029865000290032620170124110116.0 a469288 c00.00 a469288 bCen Lib/Ret aDPLbEN a954.011bGAJ aGajendragadkar, P. B aKashmir : retrospcet and prospect :cby P. B. GajendragadkarbPatel Memorial Lectures / aBombay bUniversity of Bombayc1967 a147p. c21cm(Hb) aIncludes bibliography aPolitics and government aIndia--Jammu and Kashmir